Europe most visited cities - Statistics

General Stats
  • This quiz has been taken 65 times
  • The average score is 15 of 15
Answer Stats
hint Answer % Correct
Greece Athens
100%
Spain Barcelona
100%
Germany Berlin
100%
Ireland Dublin
100%
United Kingdom London
100%
Spain Madrid
100%
Russia Moscow
100%
France Paris
100%
Czech Republic Prague
100%
Italy Rome
100%
Turkey Istanbul
98%
Portugal Lisbon
98%
Austria Vienna
98%
Hungary Budapest
97%
Italy Milan
95%
No matching quizzes found
Score Distribution
Percent of People with Each Score
Percentile by Number Answered
Your Score History
You have not taken this quiz